| 000 | 00000nam##2200000za#4500 |
| 001 | 9.590331 |
| 003 | CaOODSP |
| 005 | 20210624200056 |
| 007 | cr ||||||||||| |
| 008 | 150406|2009||||xxc|||||o f|0| 0 eng|d |
| 022 | |a1701-1280 |
| 040 | |aCaOODSP|beng |
| 041 | |aeng |
| 041 | |afre |
| 043 | |an-cn--- |
| 086 | 1 |aFs70-4/2009-058-PDF |
| 110 | 1 |aCanada. |bDepartment of Fisheries and Oceans. |
| 245 | 10|aCEMAM workshop on Bayesian modelling of marine mammal population dynamics : |h[electronic resource]|b27-29 March 2007, Freshwater Institute, 501 University Crescent, Winnipeg, MB, Canada / |cChairperson: Pierre R. Richard. |
| 260 | |aWinnipeg - Manitoba : |bFisheries and Oceans Canada |cMarch 2010. |
| 300 | |a54p.|bfigs., graphs, references, table |
| 490 | 1 |aCanadian Science Advisory Secretariat proceedings series|x1701-1280|v2009/058 |
| 590 | |a14-20-Supp|b2014-11-25 |
| 792 | |tAtelier du CEMAM sur la modélisation bayésienne de la dynamique des populations de mammifères marins : |efre|w(CaOODSP)9.590332 |
| 830 | #0|aProceedings series (Canadian Science Advisory Secretariat)|x1701-1280|v2009/058|w(CaOODSP)9.500507 |
| 856 | 40|ahttp://publications.gc.ca|qPDF|s714 KB|uhttps://publications.gc.ca/collections/collection_2014/mpo-dfo/Fs70-4-2009-058.pdf|y2009/058 |